<?xml version="1.0" encoding="UTF-8"?><?xml-stylesheet type="text/xsl" href="static/style.xsl"?><OAI-PMH xmlns="http://www.openarchives.org/OAI/2.0/" xmlns:xsi="http://www.w3.org/2001/XMLSchema-instance" xsi:schemaLocation="http://www.openarchives.org/OAI/2.0/ http://www.openarchives.org/OAI/2.0/OAI-PMH.xsd"><responseDate>2026-04-13T01:08:12Z</responseDate><request verb="GetRecord" identifier="oai:www.recercat.cat:10459.1/70970" metadataPrefix="marc">https://recercat.cat/oai/request</request><GetRecord><record><header><identifier>oai:recercat.cat:10459.1/70970</identifier><datestamp>2024-12-05T22:32:48Z</datestamp><setSpec>com_2072_3622</setSpec><setSpec>col_2072_479130</setSpec></header><metadata><record xmlns="http://www.loc.gov/MARC21/slim" xmlns:dcterms="http://purl.org/dc/terms/" xmlns:xsi="http://www.w3.org/2001/XMLSchema-instance" xmlns:doc="http://www.lyncode.com/xoai" xsi:schemaLocation="http://www.loc.gov/MARC21/slim http://www.loc.gov/standards/marcxml/schema/MARC21slim.xsd">
   <leader>00925njm 22002777a 4500</leader>
   <datafield ind2=" " ind1=" " tag="042">
      <subfield code="a">dc</subfield>
   </datafield>
   <datafield ind2=" " ind1=" " tag="720">
      <subfield code="a">Malas Tolsá, Olga</subfield>
      <subfield code="e">author</subfield>
   </datafield>
   <datafield ind2=" " ind1=" " tag="260">
      <subfield code="c">2020-10-08T10:34:53Z</subfield>
   </datafield>
   <datafield ind2=" " ind1=" " tag="260">
      <subfield code="c">2021-01-10T02:00:15Z</subfield>
   </datafield>
   <datafield ind2=" " ind1=" " tag="260">
      <subfield code="c">2020-07-14</subfield>
   </datafield>
   <datafield ind2=" " ind1=" " tag="520">
      <subfield code="a">L'objectiu principal d'aquesta tesi doctoral era el de reexportar les&#xd;
relacions entre algunes variables biomètriques, bioquímiques, de&#xd;
conducta i de personalitat relacionades amb el risc cardiovascular. Per a&#xd;
fer-ho, es va crear un protocol extens de recollida de dades, el qual es va&#xd;
aplicar a un total 1201 persones de raça caucàsica, 647 homes (78.8%) i&#xd;
554 dones (25.2%), d'entre 18 i 72 anys, amb una mitja d'edat de 44.92&#xd;
anys (DE: 14.15). La mostra estava composada per 202 pacients que es&#xd;
trobaven hospitalitzats per un infart de miocardi o per una angina&#xd;
inestable i per tres grups de persones sanes de la comunitat. Amb les&#xd;
dades recollides, es van realitzar tres estudis diferents. El primer tenia&#xd;
per objectiu explorar les propietats psicomètriques de la versió espanyola&#xd;
de l'Escala de Personalitat tipus D (DS14), així com la seva validesa i&#xd;
fiabilitat; i explorar les relacions entre aquest constructe i els trets de&#xd;
personalitat del model alternatiu de Zuckerman. El segon estudi tenia&#xd;
com a objectiu estudiar les relacions entre l'alexitímia i les variables de&#xd;
risc cardiovascular en una població amb mínim un episodi de malaltia&#xd;
cardiovascular, i comparar-ho amb població sana. El tercer estudi tenia&#xd;
com a objectiu reexportar les relacions entre la Síndrome Metabòlica i les&#xd;
variables psicològiques de risc utilitzant els criteris IDF i NCEP, i verificar&#xd;
el poder predictiu de les variables psicològiques vers la resta de variables.&#xd;
En línies generals, es troben associacions moderades entre les variables&#xd;
de personalitat analitzades i els factors de risc cardiovascular, assumintse,&#xd;
per tant, que la seva presència pot afectar al risc cardiovascular.&#xd;
Existeixen proves psicomètricament fiables i vàlides que permeten&#xd;
avaluar aquests patrons de personalitat. Aquests resultats van en la línia&#xd;
amb estudis previs realitzats en diferents contextos culturals. Per tant, es&#xd;
defensa que la detecció de subjectes amb determinats trets de&#xd;
personalitat pot ser d'utilitat en els programes de prevenció&#xd;
cardiovascular.</subfield>
   </datafield>
   <datafield ind2=" " ind1=" " tag="520">
      <subfield code="a">El objetivo principal de esta tesis doctoral era el de reexplorar las&#xd;
relaciones entre variables biométricas, bioquímicas, de conducta y de&#xd;
personalidad relacionadas con el riesgo cardiovascular. Para ello, se creó&#xd;
un protocolo extenso de recogida de datos, el cual se aplicó a un total&#xd;
1201 personas de raza caucásica, 647 hombres (78.8%) y 554 mujeres&#xd;
(25.2%), de entre 18 y 72 años, con una media de edad de 44.92 años&#xd;
(DE: 14.15). La muestra estaba compuesta por 202 pacientes que se&#xd;
encontraban hospitalizados por un infarto de miocardio o por una angina&#xd;
inestable y tres grupos de sujetos sanos de la comunidad. Con los datos&#xd;
recogidos, se realizaron tres estudios diferentes. El primero tenía como&#xd;
objetivo explorar las propiedades psicométricas de la versión española de&#xd;
la Escala de Personalidad tipo D (DS14), así como su validez y&#xd;
confiabilidad; y explorar las relaciones entre este constructo y los rasgos&#xd;
de personalidad del modelo alternativo de Zuckerman. El segundo estudio&#xd;
tenía como objetivo estudiar las relaciones entre la alexitimia y las&#xd;
variables de riesgo cardiovascular en una población con al menos un&#xd;
episodio de enfermedad cardiovascular, y compararlo con población sana.&#xd;
El tercer estudio tenía como objetivo reexplorar las relaciones entre el&#xd;
Síndrome Metabólico y las variables psicológicas de riesgo utilizando los&#xd;
criterios IDF y NCEP, y verificar el poder predictivo de las variables&#xd;
psicológicas respecto al resto de variables. En líneas generales, se hallan&#xd;
asociaciones moderadas entre las variables de personalidad analizadas y&#xd;
los factores de riesgo cardiovascular, por lo que se asume que su&#xd;
presencia puede afectar al riesgo cardiovascular. Existen pruebas&#xd;
psicométricamente confiables y válidas que permiten evaluar dichos&#xd;
patrones de personalidad. Estos resultados van en la línea con estudios&#xd;
previos realizados en diferentes contextos culturales. Por lo tanto, se&#xd;
defiende que la detección temprana de sujetos con determinados rasgos&#xd;
de personalidad puede ser de utilidad en los programas de prevención&#xd;
cardiovascular.</subfield>
   </datafield>
   <datafield ind2=" " ind1=" " tag="520">
      <subfield code="a">The main objective of this doctoral thesis was to re-explore the&#xd;
relationships between biometric, biochemical, behavioural and personality&#xd;
variables related to cardiovascular risk. To do this, an extensive data&#xd;
collection protocol was created, which was applied to 1202 Caucasian&#xd;
people, 647 men (78.8%) and 554 women (25.2%), between 18 and 72&#xd;
years old, with a mean age of 44.92 years (SD: 14.15). The sample was&#xd;
composed of 202 patients who were hospitalized for an acute myocardial&#xd;
infarction or unstable angina and three groups of healthy people of the&#xd;
community. With the data collected, three different studies were&#xd;
conducted. The first one aimed to explore the psychometric properties of&#xd;
the Spanish version of the Type D Personality Scale (DS14), as well as&#xd;
their validity and reliability; and to explore the relationships between this&#xd;
construct and the personality traits of Zuckerman's alternative model.&#xd;
The second study aimed to analyse the relationships between alexithymia&#xd;
and the cardiovascular risk factors in a population with at least one&#xd;
episode of cardiovascular disease, and compare it with a healthy&#xd;
population. The third study aimed to re-explore the relationships between&#xd;
the metabolic syndrome and psychological risk variables using the IDF&#xd;
and NCEP criteria, and to verify the predictive power of psychological&#xd;
variables relative to other factors. In general terms, moderate&#xd;
associations between personality variables and cardiovascular risk factors&#xd;
are found, supporting that psychological variables can affect the&#xd;
probability of developing cardiovascular disorders. There are&#xd;
psychometrically reliable and valid tests to assess these personality&#xd;
patterns. The results are in line with previous studies carried out in&#xd;
different cultural contexts. Therefore, it is argued that early detection of&#xd;
subjects with certain personality traits may be useful in cardiovascular&#xd;
prevention.</subfield>
   </datafield>
   <datafield ind1="8" ind2=" " tag="024">
      <subfield code="a">http://hdl.handle.net/10459.1/70970</subfield>
   </datafield>
   <datafield tag="653" ind2=" " ind1=" ">
      <subfield code="a">Risc cardiovascular</subfield>
   </datafield>
   <datafield tag="653" ind2=" " ind1=" ">
      <subfield code="a">Personalitat</subfield>
   </datafield>
   <datafield tag="653" ind2=" " ind1=" ">
      <subfield code="a">Prevenció</subfield>
   </datafield>
   <datafield tag="653" ind2=" " ind1=" ">
      <subfield code="a">Riesgo cardiovascular</subfield>
   </datafield>
   <datafield tag="653" ind2=" " ind1=" ">
      <subfield code="a">Personalidad</subfield>
   </datafield>
   <datafield tag="653" ind2=" " ind1=" ">
      <subfield code="a">Prevención</subfield>
   </datafield>
   <datafield tag="653" ind2=" " ind1=" ">
      <subfield code="a">Cardiovascular risk</subfield>
   </datafield>
   <datafield tag="653" ind2=" " ind1=" ">
      <subfield code="a">Personality</subfield>
   </datafield>
   <datafield tag="653" ind2=" " ind1=" ">
      <subfield code="a">Prevention</subfield>
   </datafield>
   <datafield tag="653" ind2=" " ind1=" ">
      <subfield code="a">Personalitat, Avaluació i Tractaments Psicològics</subfield>
   </datafield>
   <datafield tag="653" ind2=" " ind1=" ">
      <subfield code="a">159.9</subfield>
   </datafield>
   <datafield ind2="0" ind1="0" tag="245">
      <subfield code="a">Variables psicológicas de riesgo cardiovascular</subfield>
   </datafield>
</record></metadata></record></GetRecord></OAI-PMH>